Fit & fine in body mind / (Record no. 101393)

MARC details
000 -LEADER
fixed length control field 00520nam a22001817a 4500
005 - DATE AND TIME OF LATEST TRANSACTION
control field 20160720151733.0
010 ## - LCCN (DPL NO)
LC control number ENG-115467
020 ## - INTERNATIONAL STANDARD BOOK NUMBER
International Standard Book Number 9789381384831
Terms of availability 295.00
035 ## - SYSTEM CONTROL NUMBER
System control number EN-98999
037 ## - SOURCE OF ACQUISITION
Source of stock number/acquisition DBAD/PUB
082 ## - DEWEY DECIMAL CLASSIFICATION NUMBER
Classification number 613.7
100 ## - MAIN ENTRY--PERSONAL NAME
Personal name Podder Tanushree
245 ## - TITLE STATEMENT
Title Fit & fine in body mind /
Statement of responsibility, etc Tanushree Podder
260 ## - PUBLICATION, DISTRIBUTION, ETC. (IMPRINT)
Place of publication, distribution, etc New Delhi
Name of publisher, distributor, etc V & S Publishers
Date of publication, distribution, etc 2014
270 ## - ADDRESS
Address F-2/16,Ansari Road,Daryaganj
City New Delhi
Postal code 110002
300 ## - PHYSICAL DESCRIPTION
Extent 223p
Dimensions 24cm(pbk)
942 ## - ADDED ENTRY ELEMENTS (KOHA)
Source of classification or shelving scheme Dewey Decimal Classification
Item type English Books
Classification part 613.7
Call number suffix POD
Holdings
Withdrawn status Lost status Not for loan Collection code Home library Current library Date acquired Source of acquisition Cost, normal purchase price Full call number Barcode Copy number Cost, replacement price Koha item type
      Non-fiction Shahdara Branch Shahdara Branch 20/07/2016 DBAD/PUB. 295.00 613.7 POD EN-98999 1 295.00 English Books

© Delhi Public Library
Hit Counter
free hit counter